Tvorba a význam systému hodnotenia zamestnancov podniku DUSLO Šaľa, a.s. : Bakalárska práca

Guardado en:
Detalles Bibliográficos
Autor principal: Hambalkó, Roman (Autor)
Otros Autores: Rapantová, Miriam (xxx)
Formato: Manuscrito Libro
Lenguaje:eslovaco
Publicado: Trnava : STU v Bratislave MtF KPIM, 2005
Materias:
Etiquetas: Agregar Etiqueta
Sin Etiquetas, Sea el primero en etiquetar este registro!

MARC

LEADER 00000ntm a22000003a 4500
001 stu96055
005 20160719155300.7
008 051013s2005----xo------------------slo-d
040 |a STU  |b slo 
041 0 |a slo 
044 |a xo 
100 1 |a Hambalkó, Roman  |4 aut 
245 1 |a Tvorba a význam systému hodnotenia zamestnancov podniku DUSLO Šaľa, a.s. :  |b Bakalárska práca 
260 |a Trnava :  |b STU v Bratislave MtF KPIM,  |c 2005 
300 |a 61 s  |c príl., 1 CD 
650 7 |a priemyselné inžinierstvo a manažment  |2 stusub 
650 7 |a personalistika  |2 stusub 
700 1 |a Rapantová, Miriam  |4 xxx 
996 |b 284M063002  |c M*BP-1324  |l MMSKP  |s P  |a 0  |w stu96055_0001